Hợp tuyển thơ văn Việt Nam (1920 - 1945) T.5 - Quyển 2 Thơ Việt Nam(1930 -1945)
Gardado en:
| Formato: | Libro |
|---|---|
| Idioma: | Vietnamese |
| Publicado: |
H.
Văn học
1994
|
| Những chủ đề: | |
| Các nhãn: |
Engadir etiqueta
Sen Etiquetas, Sexa o primeiro en etiquetar este rexistro!
|
| Thư viện lưu trữ: | Mạng thư viện Đại học Đà Nẵng |
|---|
| LEADER | 01041nam a2200313 4500 | ||
|---|---|---|---|
| 001 | 000014794 | ||
| 003 | 11164 | ||
| 005 | 20120515080546.0 | ||
| 008 | 120515s1994 viesd | ||
| 020 | |c 0đ | ||
| 041 | 0 | |a vie | |
| 082 | |a 895.922132 |b Hơp | ||
| 245 | 1 | 0 | |a Hợp tuyển thơ văn Việt Nam |b (1920 - 1945) |n T.5 - Quyển 2 |p Thơ Việt Nam(1930 -1945) |
| 260 | |a H. |b Văn học |c 1994 | ||
| 300 | |a 507 tr. |c 19 cm | ||
| 653 | |a Hợp tuyển thơ văn | ||
| 653 | |a Thơ | ||
| 653 | |a Việt Nam | ||
| 773 | |t Hợp tuyển thơ văn Việt Nam |w 11162 | ||
| OWN | |a LSP | ||
| AVA | |a UDN50 |b LSP |d 895.922132 Hơp |e available |t Error 5001 Not defined in file expand_doc_bib_avail. |f 2 |g 0 |h N |i 0 |k 1 | ||
| 999 | |a From the UDN01 | ||
| AVA | |a UDN50 |b LSP |d 895.922132 Hơp |e available |t Error 5001 Not defined in file expand_doc_bib_avail. |f 2 |g 0 |h N |i 0 |k 1 | ||
| TYP | |a Monograph | ||
| TYP | |a Printed language | ||
| 980 | |a Mạng thư viện Đại học Đà Nẵng | ||